[Event "Liptovsky Mikulas CupT U20"]
[Site "Liptovsky Mikulas"]
[Date "2013.06.25"]
[Round "7"]
[White "Adamciak, Tomas"]
[Black "Druzhkov, Nikita"]
[Result "1-0"]
[WhiteElo "1870"]
[BlackElo "1890"]
[PlyCount "41"]
[EventDate "2013.06.21"]
[EventType "team-tourn"]
[EventRounds "8"]
[EventCountry "SVK"]
[SourceTitle "EXT 2014"]
[Source "ChessBase"]
[SourceDate "2013.11.20"]
[SourceVersion "1"]
[SourceVersionDate "2013.11.20"]
[SourceQuality "1"]

1. e4 e5 2. Nf3 Nc6 3. d4 exd4 4. Bc4 Nge7 5. 0-0 g6 6. c3 Bg7 7. cxd4 d5 8. exd5 Nxd5 9. Re1+ Nde7 10. d5 Nb8 11. Bg5 f6 12. Bf4 Nd7 13. Nc3 Ne5 14. Nxe5 fxe5 15. Bxe5 Bxe5 16. Rxe5 Kd7 17. Bb5+ c6 18. dxc6+ Kc7 19. Qxd8+ Kxd8 20. Rd1+ Ke8 21. cxb7+ 1-0

[Event "Liptovsky Mikulas CupT U20"]
[Site "Liptovsky Mikulas"]
[Date "2013.06.23"]
[Round "4"]
[White "Mraz, Ondrej"]
[Black "Druzhkov, Nikita"]
[Result "1-0"]
[WhiteElo "2022"]
[BlackElo "1890"]
[PlyCount "37"]
[EventDate "2013.06.21"]
[EventType "team-tourn"]
[EventRounds "8"]
[EventCountry "SVK"]
[SourceTitle "EXT 2014"]
[Source "ChessBase"]
[SourceDate "2013.11.20"]
[SourceVersion "1"]
[SourceVersionDate "2013.11.20"]
[SourceQuality "1"]

1. e4 e5 2. Nf3 Nc6 3. Bc4 Bc5 4. d3 d6 5. Ng5 Nh6 6. c3 0-0 7. b4 Bb6 8. h3 a5 9. b5 Na7 10. Nf3 Kh8 11. Bg5 Qe8 12. Bxh6 gxh6 13. Qc1 f6 14. Qxh6 Bd7 15. a4 c6 16. bxc6 Bxc6 17. Nh4 Bd7 18. Nd2 Nc8 19. Ng6+ 1-0

[Event "Liptovsky Mikulas CupT U20"]
[Site "Liptovsky Mikulas"]
[Date "2013.06.21"]
[Round "2"]
[White "Drozniak, Stanislaw"]
[Black "Druzhkov, Nikita"]
[Result "1/2-1/2"]
[WhiteElo "1360"]
[BlackElo "1890"]
[PlyCount "57"]
[EventDate "2013.06.21"]
[EventType "team-tourn"]
[EventRounds "8"]
[EventCountry "SVK"]
[SourceTitle "EXT 2014"]
[Source "ChessBase"]
[SourceDate "2013.11.20"]
[SourceVersion "1"]
[SourceVersionDate "2013.11.20"]
[SourceQuality "1"]

1. e4 e5 2. Nf3 Nc6 3. c3 d6 4. d4 exd4 5. cxd4 Nf6 6. Nc3 Bg4 7. Be2 Be7 8. 0-0 0-0 9. d5 Nb8 10. Nd4 Bxe2 11. Qxe2 Re8 12. Bg5 Nxd5 13. Nxd5 Bxg5 14. Qg4 c6 15. Ne3 Nd7 16. Ndf5 Ne5 17. Qg3 Bf6 18. Rad1 Re6 19. Nd4 Re7 20. Ndf5 Rd7 21. f4 Ng6 22. Qg4 Bxb2 23. Nc4 Bc3 24. Ncxd6 Qb6+ 25. Kh1 Rad8 26. e5 Qb4 27. h4 Bxe5 28. Rb1 Qa4 29. Nxb7 1/2-1/2

[Event "Liptovsky Mikulas CupT U20"]
[Site "Liptovsky Mikulas"]
[Date "2013.06.21"]
[Round "1"]
[White "Druzhkov, Nikita"]
[Black "Golda, Sebastian"]
[Result "0-1"]
[WhiteElo "1890"]
[BlackElo "1605"]
[PlyCount "114"]
[EventDate "2013.06.21"]
[EventType "team-tourn"]
[EventRounds "8"]
[EventCountry "SVK"]
[SourceTitle "EXT 2014"]
[Source "ChessBase"]
[SourceDate "2013.11.20"]
[SourceVersion "1"]
[SourceVersionDate "2013.11.20"]
[SourceQuality "1"]

1. e4 e5 2. Nf3 Nc6 3. d4 exd4 4. Nxd4 Bc5 5. Nb3 Bb6 6. Nc3 Qf6 7. Qe2 Nge7 8. Be3 d6 9. 0-0-0 Be6 10. f3 Ne5 11. Nd2 N7c6 12. Nd5 Bxd5 13. exd5 Bxe3 14. Qxe3 Ne7 15. Ne4 Qg6 16. Qb3 0-0 17. h3 Rfb8 18. g4 c6 19. dxc6 bxc6 20. Rxd6 Rxb3 21. Rxg6 Rxf3 22. Rd6 Nd5 23. Bg2 Rf4 24. Rd1 Kf8 25. Re1 Ke7 26. Rxd5 cxd5 27. Nc3 Kd6 28. Nxd5 Rf2 29. Ne3 Rc8 30. Nf5+ Kc7 31. Bd5 Nf3 32. Bxf3 Rxf3 33. Re7+ Kb6 34. Rxf7 g6 35. Nd6 Rxf7 36. Nxf7 Rf8 37. Ng5 h5 38. gxh5 gxh5 39. Kd2 Rf5 40. h4 Rf4 41. Ke3 Rxh4 42. Nf3 Rg4 43. Kf2 Kc5 44. Ne5 Rg8 45. Nd3+ Kd5 46. Nf4+ Kc4 47. Nxh5 Rb8 48. b3+ Kc3 49. Ng3 Kxc2 50. Ne2 Kb2 51. Nd4 Kxa2 52. Nc6 Rb7 53. b4 Ka3 54. b5 Ka4 55. Ke2 Kxb5 56. Nd4+ Kc5 57. Kd3 Rd7 0-1